LIBRARY & INFORMATION CENTRE, KCAET, TAVANUR

ONLINE PUBLIC ACCESS CATALOGUE (OPAC)

Modern aspects of inorganic chemistry / (Record no. 9359)

MARC details
000 -LEADER
fixed length control field 00484cam a2200193ua 4500
041 ## - LANGUAGE CODE
Language code of text/sound track or separate title eng
082 ## - DEWEY DECIMAL CLASSIFICATION NUMBER
Classification number 546
Item number EME/MO
100 ## - MAIN ENTRY--AUTHOR NAME
Personal name Emeleus, H J .
245 ## - TITLE STATEMENT
Title Modern aspects of inorganic chemistry /
250 ## - EDITION STATEMENT
Edition statement 3 /
260 ## - PUBLICATION, DISTRIBUTION, ETC. (IMPRINT)
Place of publication London :
Name of publisher English Language Book Society ,
Year of publication 1962.
300 ## - PHYSICAL DESCRIPTION
Number of Pages 611 ; .
700 1# - ADDED ENTRY--PERSONAL NAME
Personal name Anderson, J S .
942 ## - ADDED ENTRY ELEMENTS (KOHA)
Koha item type Books
Holdings
Withdrawn status Lost status Damaged status Home library Current library Date acquired Full call number Accession Number Koha item type
      KAUAET KAUAET 07/04/2012 546 819 Books
free website counter